Statistics for SpongeBob SquarePants Trivia

Click here to take the quiz!

General Stats

  • This quiz has been taken 40,224 times
    (40,222 since last reset)
  • The average score is 13 of 20

Answer Stats

Question Answer % Correct
Fruit that is SpongeBob's housePineapple
99%
SpongeBob's best friendPatrick Star
98%
SpongeBob's pet snailGary
96%
SpongeBob's angry neighborSquidward Tentacles
95%
Animal that SpongeBob catches in netsJellyfish
93%
Krusty Krab's signature dishKrabby Patties
89%
City that the show takes place inBikini Bottom
87%
Where Sandy is from originallyTexas
86%
SpongeBob's jobFry Cook
86%
Plankton's restaurantChum Bucket
84%
Mermaid Man's sidekickBarnacle Boy
77%
Mr. Krab's first nameEugene
66%
QuoteThen drop on the {deck} and flop like a fish
55%
Larry's professionLifeguard
53%
QuoteOnce, there was an {ugly} barnacle. He was
so {ugly} that everyone died. The end!
48%
QuoteWell maybe it is {stupid}, but it's also dumb
47%
Quote{Moss} always points to civilization
32%
Replacement for Glove WorldGlove Universe
16%
Street that SpongeBob lives onConch
15%
Tallest building in townSea Needle
11%

Score Distribution

Percentile by Number Answered

Percent of People with Each Score

Your Score History

You have not taken this quiz since the last reset